000 00826nam a2200181Ia 4500
008 151202s9999||||xx |||||||||||||| ||und||
082 _bPNVM-123714
100 _aVYGODSKY M./Transl-Yankovsky George.
245 _aMathematical Handbook Ekementary Mathematics Tables Arithmetic AlgebraGeometry plane solid Trigonometry Functions and Graphs.
260 _bMir Publishers Moscow.
260 _c1971
300 _a430
600 _aVYGODSKY M./Transl-Yankovsky George.
630 _aMathematical Handbook Ekementary Mathematics Tables Arithmetic AlgebraGeometry plane solid Trigonometry Functions and Graphs.
700 _aVYGODSKY M./Transl-Yankovsky George.
730 _aMathematical Handbook Ekementary Mathematics Tables Arithmetic AlgebraGeometry plane solid Trigonometry Functions and Graphs.
942 _cBOOK
999 _c1353843
_d1353840